Statistics for All NFL Super Bowl Champions 1-48

Click here to take the quiz!

General Stats

  • This quiz has been taken 1,438 times
    (1,419 since last reset)
  • The average score is 45 of 48

Answer Stats

yearsTeams% Correct
2002 | 2004 | 2005New England Patriots
99%
1968 | 1997 | 2011Green Bay Packers
99%
2014Seattle Seahawks
97%
1975 | 1976 | 1979 | +3 othersPittsburgh Steelers
97%
1967Green Bay Packers
97%
1987 | 1991 | 2008 | 2012New York Giants
96%
1998 | 1999Denver Broncos
96%
1972 | 1978 | 1993 | +2 othersDallas Cowboys
95%
2001 | 2013Baltimore Ravens
95%
1982 | 1985 | 1989 | 1990San Francisco 49ers
95%
1995San Francisco 49ers
94%
2007Indianapolis Colts
94%
1971Baltimore Colts
94%
2000St. Louis Rams
93%
1969New York Jets
93%
1984Los Angeles Raiders
92%
1977 | 1981Oakland Raiders
92%
1973 | 1974Miami Dolphins
92%
2010New Orleans Saints
92%
1986Chicago Bears
90%
1970Kansas City Chiefs
90%
1983 | 1988 | 1992Washington Redskins
89%
2003Tampa Bay Buccaneers
88%

Score Distribution

Percentile by Number Answered

Percent of People with Each Score

Your Score History

You have not taken this quiz since the last reset